Les prénoms les plus populaires aux Etats-Unis depuis 1920 - Statistiques

Statistiques générales
  • Ce quiz a été pris 509 fois
  • Le résultat moyen est 8 sur 20
Statistiques - réponses
INDICE PRENOM % Correct
2 J John
86%
1 M Mary
76%
5 W William
75%
1 J James
63%
3 R Robert
51%
4 M Michael
47%
10 T Thomas
47%
6 D David
42%
9 C Charles
38%
7 R Richard
35%
10 S Sarah
31%
4 E Elizabeth
26%
3 J Jennifer
25%
8 J Joseph
25%
2 P Patricia
25%
9 J Jessica
22%
6 B Barbara
18%
7 S Susan
13%
8 M Margaret
11%
5 L Linda
10%
Aucun quiz correspondant
Distribution des résultats
% des personnes avec chaque résultat
Percentile par nombre de réponses
Votre historique - résultats
Vous n’avez pas pris ce quiz